[Event "2nd Gujarat Open 2019"]
[Site "Ahmedabad, Gujarat"]
[Date "2019.09.22"]
[Round "1"]
[White "Joshi, Deergha Raj"]
[Black "Himanshu, Sharma"]
[Result "0-1"]
[WhiteElo "1799"]
[BlackElo "2408"]
[Annotator "TA"]
[PlyCount "62"]
[EventDate "2019.09.22"]
[EventCountry "IND"]
[SourceTitle "playchess.com"]
[Source "ChessBase"]
[SourceQuality "1"]

{[%evp 9,62,7,19,0,0,0,0,-4,16,-7,-5,-14,-14,-17,-17,-51,-45,-40,-35,-50,-39,-70,-55,-73,-62,-78,-68,-62,-65,-62,-70,-198,-190,-227,-222,-214,-218,-218,-224,-245,-235,-265,-247,-316,-295,-441,-295,-323,-315,-405,-352,-580,-563,-567,-556]} 1. e4 g6 2. Nf3 Bg7 3. Be2 c5 4. d4 cxd4 5. Nxd4 Nc6 6. Nf3 {B34: Sicilian: Accelerated Dragon with 5 Nc3: sidelines} (6. Nb3 Nf6 7. Nc3 O-O 8. O-O d6 9. Re1 Be6 10. Bf1 d5 11. exd5 Nxd5 12. Nxd5 Qxd5 13. Qxd5 Bxd5 14. c3 b6 15. Be3 Rfd8 16. Rad1 h6 17. Bb5 Ne5 18. Bf4 a6 {½-½ (64) El Taher,F (2483)-Guseinov,G (2654) Sharjah 2019}) 6... Nf6 7. Nc3 O-O 8. O-O {The position is equal.} a6 9. h3 d6 10. Be3 b5 11. a3 Bb7 12. Bd3 d5 $146 ({Predecessor:} 12... Rc8 13. Nd2 Ne5 14. Be2 Nfd7 15. Rb1 Nb6 16. f4 Nec4 17. Nxc4 Nxc4 {0-1 (28) Khafra,E (1524)-Lee,H (1877) Port of Spain 2018}) 13. exd5 Nxd5 14. Nxd5 Qxd5 15. Rb1 Rad8 16. Qc1 e5 {[#] Threatens to win with ...e4.} 17. Rd1 e4 18. Be2 Qe6 19. Rxd8 Rxd8 20. Ng5 {[#]} (20. Nd2 $15) 20... Qe7 $1 $19 21. h4 h6 22. Nh3 Qxh4 23. Bf1 Ne5 24. Bf4 Qh5 25. Bg3 Qf5 26. Qe3 g5 27. Bxe5 (27. b3 $142) 27... Qxe5 28. c4 Qf5 29. Qb6 Rd7 {Strongly threatening ...g4.} 30. Qe3 $2 (30. cxb5 {was necessary.} a5 31. Qe3) 30... Bd4 31. Qg3 Be5 {Accuracy: White = 35%, Black = 96%.} 0-1

[Event "2nd Gujarat Open 2019"]
[Site "Ahmedabad, Gujarat"]
[Date "2019.09.22"]
[Round "1"]
[White "Abhirami Madabushi"]
[Black "Eraschenkov, Denis"]
[Result "0-1"]
[WhiteElo "1786"]
[BlackElo "2390"]
[Annotator "TA"]
[PlyCount "94"]
[EventDate "2019.09.22"]
[EventCountry "IND"]
[SourceTitle "playchess.com"]
[Source "ChessBase"]
[SourceQuality "1"]

{[%evp 11,94,0,0,-18,0,15,20,-9,-4,-27,-19,-2,-13,-31,-15,-77,-74,-295,-42,-44,-60,-43,-48,-75,-83,-87,-88,-83,-91,-92,-99,-177,-181,-283,-244,-296,-282,-406,-395,-406,-386,-365,-250,-197,9,28,25,0,7,7,21,-137,-127,-201,-205,-188,-213,-178,-202,-207,-210,-207,-192,-192,-171,-164,-162,-152,-135,-161,-161,-161,-99,-175,-99,-166,-97,-389,-382,-636,-624,-866,-836,-834,-812]} 1. d4 Nf6 2. Nf3 g6 3. Bf4 Bg7 4. Nbd2 d6 5. e4 O-O 6. Bd3 Nbd7 7. Qe2 {A48: 1 d4 Nf6 2 Nf3 g6: Torre, London and Colle Systems} Nh5 8. Be3 e5 9. dxe5 {The position is equal.} dxe5 10. O-O-O Nf4 11. Bxf4 exf4 12. Kb1 Qe7 13. h4 (13. Rhe1 $11 {keeps the balance.}) 13... Nc5 $17 14. h5 $2 (14. e5 $17 {was necessary.}) 14... Nxd3 $2 ({Black should play} 14... Bxb2 $1 $19 {And now ...Na4 would win.} 15. Kxb2 (15. hxg6 $2 Na4 $19) 15... Na4+ 16. Kb3 b5) 15. Qxd3 $15 Rd8 $146 16. Qe2 Bg4 17. hxg6 hxg6 18. Qc4 Be6 19. Qb5 c5 20. Nb3 b6 21. a4 (21. Kc1 $17) 21... g5 $1 $19 22. a5 (22. Nc1 $142) 22... g4 23. Nfd2 a6 24. Qxb6 (24. Qe2 {is a better defense.} b5 25. Nc1) 24... c4 25. Qc5 Qd7 26. Nc1 ({Inferior is} 26. Nxc4 Qxd1+ 27. Rxd1 Rxd1+ 28. Nc1 Rc8 $19) 26... Rac8 27. Qg5 Qb5 $2 (27... Qb7 $19 {[%csl Gg7][%cal Rb7b2]} 28. b3 Rd7 29. Nxc4 Rxd1 30. Rxd1 Bxc4 31. Rd8+ Rxd8 32. Qxd8+ Kh7) 28. Qxb5 $11 axb5 29. Na2 Ra8 $132 {[%mdl 2048] Black puts up resistance} 30. Nb4 Rd7 (30... c3 $5 31. Nb3 $8 Rxd1+ 32. Rxd1 Bxb3 33. cxb3 Rxa5 $11) 31. a6 $2 (31. c3 $11) 31... Bf8 $17 32. Nc6 (32. Nd5 $17 Bxd5 33. exd5) 32... Rd6 $1 $19 {[%cal Rd6c6]} 33. Nb4 Rxd2 $1 34. Rxd2 {Threatens to win with Nd5.} Bxb4 35. c3 Be7 36. Rh5 Rxa6 37. Rxb5 Kg7 38. f3 gxf3 39. gxf3 Ra8 40. Kc2 Rh8 41. Rg2+ Kf6 42. Kd1 {[#]} (42. Kd2 $17) 42... Rd8+ (42... Rh1+ $1 $19 43. Kd2 Bd7) 43. Rd2 {[#]} (43. Ke2 $17 {might work better.}) 43... Rg8 (43... Rc8 $1 $19 44. Rh2 Bc5) 44. Rb7 $2 {[%mdl 8192]} (44. Rh2 $17) 44... Rg1+ 45. Kc2 $2 (45. Ke2 Bc5 46. Rd4) 45... Bc5 {Black is clearly winning.} 46. Rb5 Be3 47. Rd1 Rg2+ {Accuracy: White = 32%, Black = 62%.} 0-1

[Event "2nd Gujarat Open 2019"]
[Site "Ahmedabad, Gujarat"]
[Date "2019.09.22"]
[Round "1"]
[White "Sibi Srinivas Einstein"]
[Black "Sidhant, Mohapatra"]
[Result "0-1"]
[WhiteElo "1751"]
[BlackElo "2357"]
[Annotator "TA"]
[PlyCount "138"]
[EventDate "2019.09.22"]
[EventCountry "IND"]
[SourceTitle "playchess.com"]
[Source "ChessBase"]
[SourceQuality "1"]

{[%evp 9,138,26,26,32,33,0,22,14,22,20,29,31,46,0,1,-34,-22,-35,-31,-31,-14,-19,0,0,0,-13,-13,-21,-6,-12,-9,-8,-6,-8,0,0,0,0,0,0,0,0,0,0,0,0,0,-7,0,0,0,0,0,0,0,0,0,0,0,0,0,0,0,0,0,0,0,0,0,-10,0,-13,-8,-10,-8,-8,-8,-148,-148,-150,-150,-425,-359,-359,-359,-370,-378,-363,-182,-359,-341,-237,-8,-8,-8,-8,-8,-8,-8,-493,-390,-397,-356,-510,-495,-29978,-29979,-29979,-29980,-29980,-29981,-29983,-29984,-29984,-29985,-29985,-29985,-29985,-29985,-29989,-29990,-29990,-29988,-29988,-29988,-29988,-29989,-29989,-29988,-29988,-29989]} 1. d4 Nf6 2. c4 e6 3. Nf3 d5 4. Nc3 a6 5. cxd5 exd5 6. Bg5 {D37: Queen's Gambit Declined: 5 Bf4} Be6 7. Qc2 (7. e3 Nbd7 8. Bd3 c6 9. Qb3 Qb6 10. Qxb6 Nxb6 11. Bxf6 gxf6 12. Nh4 a5 13. O-O-O Bb4 {1-0 (40) So,W (2767)-Demchenko,A (2655) Khanty-Mansiysk 2019}) 7... Nbd7 8. e3 {The position is equal.} Rc8 9. Bd3 Bd6 10. O-O h6 11. Bxf6 Nxf6 12. e4 dxe4 13. Nxe4 O-O 14. a3 $146 a5 15. Rfe1 Bd5 16. Nxf6+ Qxf6 17. Be4 Bxe4 18. Rxe4 Rfd8 19. Qe2 c6 20. Re1 Bf8 21. g3 Rd5 22. Kg2 c5 {[%cal Rc5d4]} 23. Rc1 b6 24. dxc5 Rdxc5 25. Rxc5 Bxc5 26. Re8+ Rxe8 27. Qxe8+ Kh7 28. b4 $132 {[%mdl 2048] White is fighting back} Be7 29. Qb5 axb4 30. axb4 Qd6 31. Qf5+ Kg8 32. b5 g6 33. Qc8+ Kg7 34. Qc4 Qf6 35. Nd2 Qe5 36. Nf3 Qb2 37. Nd4 Bc5 38. Ne2 Kg8 39. Qd3 Qa2 (39... Qf6 {feels hotter.} 40. f4 Qa1 41. Nc3 Qa3 42. Qd2 Qb4) 40. Kf3 Qa8+ (40... Qe6 {is interesting.} 41. Kg2 Qf6 42. f4 Qa1 43. Nc3 Qa3) 41. Qe4 Qxe4+ 42. Kxe4 Bxf2 $11 {[%mdl 4096] Endgame KB-KN} 43. Kd5 {[#]} (43. g4 $11 {keeps the balance.}) 43... f5 $1 $17 44. Nf4 Kf7 45. Kc6 $2 (45. Ke5 $17) 45... Bg1 46. Ne2 Be3 ({Weaker is} 46... Bxh2 47. Kxb6 g5 48. Kc5 $11) 47. Nc3 g5 48. Kd5 Kg6 (48... Kf6 $142 49. Ne2 h5) 49. Ke5 $2 (49. Ke6) 49... Bg1 $19 50. Nd5 Bc5 $2 (50... Bxh2 $19 51. Ne7+ Kf7) 51. Ke6 $11 h5 {Threatens to win with ...h4.} 52. Ke5 Bg1 53. Ne7+ Kf7 54. Nxf5 $2 {[%mdl 8192]} (54. Nd5 $11) 54... Bxh2 $19 55. Kd5 Kg6 56. Ke6 (56. Ke4 {was the only chance.} Kf6 57. g4) 56... g4 {Strongly threatening ...Kg5.} 57. Ne7+ (57. Ke5 $19 Kg5 58. Ke4) 57... Kg5 {Black mates.} 58. Nf5 {[#]} Bxg3 $1 {[%mdl 576] Remove Defender, Deflection} 59. Nxg3 {KN-K3P} h4 60. Ne4+ Kf4 61. Nc3 h3 62. Nd5+ Kf3 63. Nxb6 {KN-KPP} h2 64. Nd5 h1=Q 65. b6 Qh6+ 66. Kd7 Qg7+ 67. Kc6 g3 68. b7 Qg8 69. Kc7 Qxd5 {Accuracy: White = 46%, Black = 55%.} 0-1

[Event "2nd Gujarat Open 2019"]
[Site "Ahmedabad, Gujarat"]
[Date "2019.09.22"]
[Round "1"]
[White "Akira Sowmyanath"]
[Black "Bharat Kumar Reddy Poluri"]
[Result "0-1"]
[WhiteElo "1717"]
[BlackElo "2304"]
[Annotator "TA"]
[PlyCount "46"]
[EventDate "2019.09.22"]
[EventCountry "IND"]
[SourceTitle "playchess.com"]
[Source "ChessBase"]
[SourceQuality "1"]

{[%evp 14,82,25,20,26,0,-10,-13,-1,-9,0,0,3,0,19,-66,-54,-64,-25,-151,-171,-200,-200,-247,-248,-278,-278,-275,-270,-282,-273,-275,-274,-280,-264,-277,-265,-255,-225,-237,-229,-249,-202,-206,-112,-114,-101,-122,-122,-122,-125,-129,-129,-142,-122,-100,-102,-491,-488,-488,-507,-501,-479,-643,-665,-600,-615,-1059,-1053,-5019,-4975]} 1. e4 e6 2. d4 d5 3. exd5 exd5 4. Nf3 Nf6 5. Bd3 c5 6. O-O c4 7. Re1+ Be7 8. Bf1 O-O {C01: French: Exchange Variation} 9. h3 (9. b3 cxb3 10. axb3 Nc6 11. Bf4 Bf5 12. c3 Rc8 13. Nbd2 a6 14. b4 h6 15. Nb3 Ne4 16. Rc1 {0-1 (40) Tregubov,P (2592)-Sychev,K (2537) St Petersburg 2018}) 9... Nc6 10. Bf4 Bf5 {The position is equal.} 11. c3 Re8 12. g4 Be6 13. Nbd2 b5 14. b4 ({White should try} 14. Ng5 $11) 14... a5 $1 $36 {[%cal Ra5b4][%mdl 2048] Black has good play.} 15. a3 $1 Nd7 16. Ne5 (16. Bg2 $11 {keeps the balance.}) 16... Ndxe5 $17 17. Bxe5 Nxe5 ({Don't do} 17... axb4 18. axb4 Rxa1 19. Qxa1 $17) 18. Rxe5 Bd6 $146 19. Re1 {[#]} h5 $1 {[%mdl 512]} 20. Bg2 (20. gxh5 axb4) 20... hxg4 21. hxg4 Qh4 22. Nf3 Qxg4 23. Ne5 Qh4 {Played: Qg4-g5} 0-1

[Event "2nd Gujarat Open 2019"]
[Site "Ahmedabad, Gujarat"]
[Date "2019.09.23"]
[Round "2.1"]
[White "Rozum, Ivan"]
[Black "Kishan, Gangolli"]
[Result "1-0"]
[WhiteElo "2596"]
[BlackElo "2089"]
[Annotator "TA"]
[PlyCount "73"]
[EventDate "2019.09.22"]
[EventCountry "IND"]
[SourceTitle "playchess.com"]
[Source "ChessBase"]
[SourceQuality "1"]

{[%evp 15,73,5,11,14,5,4,31,-4,-2,-4,-14,-101,-102,-98,-83,-118,-93,-91,-78,-66,-56,-37,-52,-29,-22,-22,-12,-21,73,85,81,82,74,86,77,79,120,82,97,77,95,82,103,96,161,147,153,168,164,141,311,275,306,306,293,323,451,450,579,536]} 1. Nf3 d5 2. g3 c6 3. Bg2 Bg4 4. c4 e6 5. O-O Nd7 6. cxd5 exd5 7. Nc3 Ngf6 8. d4 Bd6 9. Nh4 {A07: Réti Opening: New York and Capablanca Systems} O-O $146 (9... Nb6 10. f3 Be6 11. e4 Be7 12. e5 Nfd7 13. f4 Bxh4 14. f5 Bxf5 15. Rxf5 Be7 16. Qg4 g6 {1-0 (30) Grischuk,A (2771)-Postny,E (2615) St Petersburg 2018}) 10. f3 Bh5 11. Nf5 {White is slightly better.} Bc7 12. g4 Bg6 13. Bg5 (13. e4 $11 {keeps the balance.}) 13... Bxf5 $17 14. gxf5 Qb8 15. f4 Ng4 {Threatens to win with ...f6.} 16. Qd2 f6 17. Bh4 Qe8 18. e4 dxe4 19. Bxe4 Qh5 20. Bg3 {Hoping for Qd1.} Nh6 21. Qd1 Qh3 (21... Qf7 $11) 22. Qb3+ $16 {[%mdl 64] [#] Double Attack} Kh8 23. Qxb7 Rac8 24. Bxc6 Nb6 25. Bg2 Qxf5 26. Rae1 Qd7 27. Qxa7 Qxd4+ 28. Kh1 Bb8 29. Nb5 $36 {[%mdl 2048] [#] Black must now prevent Qxg7+! Black is under strong pressure.} Bxa7 (29... Qc5 $16 {keeps fighting.} 30. Qa6 Nc4) 30. Nxd4 $18 Nc4 31. Nc6 Bb6 32. Bf2 Bc7 $2 (32... Nf5 $16) 33. Bc5 Rfe8 34. Ne7 Rb8 35. b3 Bd6 36. Ba7 ({Weaker is} 36. bxc4 Bxc5 37. Nd5 Rxe1 $16) 36... Rbd8 {intending ...Nd2.} 37. Nc6 {Accuracy: White = 78%, Black = 48%.} 1-0

[Event "2nd Gujarat Open 2019"]
[Site "Ahmedabad, Gujarat"]
[Date "2019.09.23"]
[Round "2.2"]
[White "Anadkat Kartavya"]
[Black "Deepan Chakkravarthy J."]
[Result "1-0"]
[WhiteElo "2088"]
[BlackElo "2539"]
[Annotator "TA"]
[PlyCount "64"]
[EventDate "2019.09.22"]
[EventCountry "IND"]
[SourceTitle "playchess.com"]
[Source "ChessBase"]
[SourceQuality "1"]

{[%evp 9,64,-29,-30,-30,-15,-22,-25,-27,-30,-23,25,23,25,5,25,16,19,21,16,22,31,27,34,27,37,36,41,42,47,22,65,58,54,44,58,41,40,44,279,294,279,279,275,264,500,533,523,519,507,509,720,720,720,720,719,707,717]} 1. a4 e5 2. e4 Nf6 3. Nc3 Bc5 (3... Nc6 4. Nf3 Bb4 5. Bb5 O-O 6. O-O d6 7. d3 Bg4 8. Ne2 a6 9. Bxc6 bxc6 {1-0 (32) Carlsen,M (2837)-Radjabov,T (2788) Astana 2012}) 4. d3 h6 5. Be3 Bb4 6. Be2 {A00: Irregular Openings} c6 7. Nf3 d5 {And now ...d4 would win.} 8. Bd2 {Black has an edge.} Qe7 9. O-O dxe4 10. Nxe4 Nxe4 11. dxe4 O-O $146 12. a5 Nd7 13. h3 Re8 14. c3 Bc5 15. b4 Bd6 16. Be3 Nf6 17. Qc2 Be6 18. Nd2 Qc7 19. Nc4 Bxc4 20. Bxc4 b5 21. Be2 Rab8 22. a6 c5 23. c4 bxc4 $2 {[#]} ({Black should play} 23... cxb4 $14 24. c5 Be7) 24. bxc5 $18 Bxc5 25. Qxc4 Rec8 26. Rfc1 Bb6 $2 (26... Bxe3 {keeps fighting.} 27. Qxc7 Rxc7 28. Rxc7 Bd4) 27. Qxc7 {White is clearly winning.} Rxc7 28. Rxc7 Bxc7 29. Bxa7 Ra8 30. Be3 Nd7 31. Bb5 Nb6 32. a7 Rd8 {Accuracy: White = 88%, Black = 43%.} 1-0

[Event "2nd Gujarat Open 2019"]
[Site "Ahmedabad, Gujarat"]
[Date "2019.09.23"]
[Round "2.3"]
[White "Chanda, Sandipan"]
[Black "Anusha N L V"]
[Result "1-0"]
[WhiteElo "2529"]
[BlackElo "2081"]
[Annotator "ChessBase"]
[PlyCount "73"]
[EventDate "2019.09.22"]
[EventCountry "IND"]
[SourceTitle "playchess.com"]
[Source "ChessBase"]
[SourceQuality "1"]
[TimeControl "5400+30"]

1. d4 {[%emt 0:00:00]} d5 {[%emt 0:00:00]} 2. Nf3 {[%emt 0:00:00]} Nf6 {[%emt 0:00:07]} 3. Bf4 {[%emt 0:00:00]} Bf5 {[%emt 0:00:41]} 4. e3 {[%emt 0:00:22]} e6 {[%emt 0:00:49]} 5. c4 {[%emt 0:02:16]} Bxb1 {[%emt 0:03:51]} 6. Rxb1 {[%emt 0:00:11]} Bb4+ {[%emt 0:00:37]} 7. Ke2 {[%emt 0:00:09]} Bd6 {[%emt 0:00:38]} 8. g3 {[%emt 0:00:35]} dxc4 {[%emt 0:05:34]} 9. Qa4+ {[%emt 0:01:31]} Nbd7 {[%emt 0:05:50]} 10. Bg2 {[%emt 0:01:25]} Nd5 {[%emt 0:04:40]} 11. Qxc4 {[%emt 0:00:33]} Qe7 {[%emt 0:04:43]} 12. Bxd6 {[%emt 0:08:05]} cxd6 {[%emt 0:04:35]} 13. Qb5 {[%emt 0:02:49]} O-O {[%emt 0:10:11]} 14. Qxb7 {[%emt 0:04:05]} Rab8 {[%emt 0:05:46]} 15. Qa6 {[%emt 0:01:12]} Rfc8 {[%emt 0:03:01]} 16. Nd2 {[%emt 0:04:26]} N7f6 {[%emt 0:13:29]} 17. Rhc1 {[%emt 0:02:37]} Qd7 {[%emt 0:03:45]} 18. a3 {[%emt 0:04:40]} h6 {[%emt 0:06:46]} 19. Ke1 {[%emt 0:14:49]} Rxc1+ {[%emt 0:03:54]} 20. Rxc1 {[%emt 0:00:05]} Rxb2 {[%emt 0:01:29]} 21. Qc8+ {[%emt 0:10:00]} Qxc8 {[%emt 0:02:05]} 22. Rxc8+ {[%emt 0:00:07]} Kh7 {[%emt 0:00:05]} 23. e4 {[%emt 0:00:29]} Nb6 {[%emt 0:02:25]} 24. Rc7 {[%emt 0:01:01]} Kg8 {[%emt 0:04:16]} 25. Rxa7 {[%emt 0:14:17]} Ng4 {[%emt 0:04:44]} 26. a4 {[%emt 0:11:11]} Nxf2 {[%emt 0:04:00]} 27. a5 {[%emt 0:00:44]} Na4 {[%emt 0:01:27]} 28. a6 {[%emt 0:01:53]} Nc3 {[%emt 0:00:57]} 29. Kxf2 {[%emt 0:05:59]} Rxd2+ {[%emt 0:00:07]} 30. Kf3 {[%emt 0:01:04]} Rxd4 {[%emt 0:02:20]} 31. Rc7 {[%emt 0:02:18]} Rd3+ {[%emt 0:00:20]} 32. Kg4 {[%emt 0:00:37]} Nb5 {[%emt 0:02:14]} 33. Rc8+ {[%emt 0:01:50]} Kh7 {[%emt 0:00:05]} 34. Bf1 {[%emt 0:00:06]} Na7 {[%emt 0:00:43]} 35. Rc7 {[%emt 0:00:22]} Rd1 {[%emt 0:00:28]} 36. Be2 {[%emt 0:00:47]} Rd2 {[%emt 0:00:11]} 37. Kf3 {[%emt 0:00:08]} 1-0

[Event "2nd Gujarat Open 2019"]
[Site "Ahmedabad, Gujarat"]
[Date "2019.09.23"]
[Round "2.4"]
[White "Rathneesh R"]
[Black "Rahman, Ziaur"]
[Result "1/2-1/2"]
[WhiteElo "2065"]
[BlackElo "2492"]
[Annotator "TA"]
[PlyCount "73"]
[EventDate "2019.09.22"]
[EventCountry "IND"]
[SourceTitle "playchess.com"]
[Source "ChessBase"]
[SourceQuality "1"]

{[%evp 10,73,17,20,14,14,20,-12,0,-8,0,-12,12,13,62,37,19,17,58,47,66,65,62,46,39,47,87,87,93,101,104,116,111,-18,-20,-15,-15,-15,-25,-39,-20,-47,-41,-185,-117,-82,-6,-29,-23,-14,-14,-17,0,0,-2,-6,-6,-6,0,-142,-147,-142,0,0,8,8]} 1. c4 e6 2. g3 d5 3. Bg2 Nf6 4. Nf3 d4 5. O-O c5 6. e3 Nc6 {A13: English Opening: 1...e6} 7. exd4 cxd4 8. Re1 (8. d3 Bd6 9. Na3 O-O 10. Nc2 e5 11. b4 a6 12. c5 Bc7 13. a4 e4 14. dxe4 d3 15. Nce1 Nxb4 16. Ba3 {½-½ (35) Anton Guijarro,D (2678)-Wang,H (2725) Changsha 2019}) 8... Bd6 9. d3 O-O 10. Na3 e5 {[#]} 11. c5 $1 {[%mdl 512]} Bc7 (11... Bxc5 12. Nxe5) 12. Nc4 {[%cal Rc4e5]} (12. b4 $5) 12... Nd7 13. b3 f6 14. Ba3 a5 $146 15. Nfd2 Nb4 16. Bxb4 axb4 17. Ne4 Qe7 18. Qd2 Nxc5 19. Qxb4 b6 20. Nxb6 Bxb6 {[#]} 21. Qxb6 (21. Rec1 $1 $16) 21... Nxd3 $11 22. Red1 $1 {[%cal Rd1d3]} Ba6 23. Nd6 {Black must now prevent Bd5+.} Rfb8 $1 {[%cal Rb8b6]} 24. Qc6 {Threatens to win with Bd5+.} Nb4 25. Qc5 $1 Ra7 {aiming for ...Rc7.} 26. Rac1 (26. a3 $1 $15 Nc2 27. Rac1) 26... Rd7 (26... Nxa2 $19 27. Nf5 (27. Bd5+ $2 Kf8 $19) 27... Qxc5 28. Rxc5 Nb4) 27. Ne4 $17 {[#]} Nd3 (27... Qd8 $1 $17 {Strongly threatening ...Nd3.} 28. Bh3 Re7) 28. Qxe7 $11 Rxe7 29. Rc6 Nb4 $36 {[%mdl 2048] Black fights for an advantage.} 30. Rd6 $1 {And now a3 would win.} f5 31. Nc5 Be2 32. Rd2 $1 {[%cal Rd2e2]} d3 33. a3 Ra7 34. Bd5+ (34. Bf1 $11) 34... Nxd5 $17 35. Rxd5 Rxa3 ({Black should try} 35... e4 $17 36. a4 g6) 36. Rxe5 $11 Rb5 {...Bf3 is the strong threat.} 37. f4 {Accuracy: White = 51%, Black = 42%.} 1/2-1/2

[Event "2nd Gujarat Open 2019"]
[Site "Ahmedabad, Gujarat"]
[Date "2019.09.23"]
[Round "2.5"]
[White "Saptarshi, Roy"]
[Black "Satkar, Chirag"]
[Result "1-0"]
[WhiteElo "2480"]
[BlackElo "2052"]
[Annotator "TA"]
[PlyCount "117"]
[EventDate "2019.09.22"]
[EventCountry "IND"]
[SourceTitle "playchess.com"]
[Source "ChessBase"]
[SourceQuality "1"]

{[%evp 29,117,5,7,12,22,23,28,15,16,11,21,24,31,3,23,4,9,-13,-4,0,0,0,24,18,38,20,44,40,36,31,40,-30,-23,-28,-14,-64,-69,-71,-37,-45,-44,-25,-35,-48,0,0,0,-4,0,0,0,0,14,-110,0,-60,17,0,54,35,127,91,235,224,257,241,253,241,560,559,553,550,543,525,506,281,277,271,287,287,281,246,327,321,339,334,331,331,315,304]} 1. e4 e5 2. Nf3 Nc6 3. Bb5 a6 4. Ba4 Nf6 5. O-O Be7 6. Re1 b5 7. Bb3 d6 8. c3 O-O 9. d4 Bg4 10. d5 Na5 11. Bc2 c6 12. h3 Bc8 13. dxc6 Qc7 14. Nbd2 Qxc6 15. Nf1 Nc4 16. a4 {[#] C91: Closed Ruy Lopez: 7...d6 8 c3 0-0 9 d4} Rb8 $146 ({Predecessor:} 16... Be6 17. Ng5 Bd7 18. b3 Na5 19. Bd2 Qc7 20. Ne3 h6 21. Nf3 bxa4 22. b4 Nb3 23. Bxb3 axb3 24. Qxb3 {0-1 (43) Huschenbeth,N (2620)-Vitiugov,N (2732) Khanty-Mansiysk 2019}) 17. b3 {Black must now prevent axb5.} Nb6 18. a5 {White has an edge.} Nbd7 19. b4 Bb7 20. Ng3 Rfe8 21. Bd2 Bf8 22. Rc1 d5 23. Ng5 h6 24. exd5 Nxd5 25. N5e4 (25. Bh7+ Kh8 $17) 25... Rbd8 26. Bb3 Qe6 27. Qf3 g6 {Threatening ...f5.} 28. c4 bxc4 29. Bxc4 f5 30. Nc5 ({Better is} 30. Nc3 $1 $14 e4 31. Qe2) 30... Nxc5 $11 31. bxc5 Kh7 32. Ba2 Bc6 33. Qe2 Bb5 34. Bc4 Qc6 {aiming for ...Nf4!} 35. Bxb5 axb5 36. Qf3 e4 37. Qb3 $1 Rd7 {With the idea ...e3.} 38. Ne2 $1 {[%cal Re2d4] Strongly threatening Nd4.} Bg7 39. Nf4 Red8 40. h4 Be5 41. Nh3 {[#]} (41. Nxd5 $11 Rxd5 {[%mdl 64] Double Attack} 42. Bc3 Bxc3 43. Rxc3) 41... Bd4 ({Black should try} 41... b4 $1 $17 {[%mdl 512]} 42. Red1 (42. Bxb4 Rb8) 42... Nc3 43. Bxc3 bxc3) 42. Rc2 (42. Nf4 $11) 42... Kg7 (42... Bxc5 43. Rec1 $16) ({Black should play} 42... Re8 $15) 43. Rb1 Nc7 ({Wrong is} 43... Bxc5 $2 44. Bc3+ (44. Rbc1 Bxf2+ 45. Nxf2 Qf6 $18) 44... Nxc3 45. Qxc3+ Rd4 46. Qxc5 $18) (43... b4 $11) 44. Bf4 $14 Ne6 (44... Kh7 $14) 45. Qxb5 Qxb5 (45... Rc8 $16) 46. Rxb5 $18 Rd5 {[%cal Rd4c5]} 47. Rb7+ Kf6 48. c6 {[%cal Bc5c6,Bc6c7][%mdl 32] Hoping for c7.} ({Don't take} 48. Bxh6 $6 Rxc5 49. Ra2 Rdc8 $16) 48... Rxa5 $2 (48... Rc8 {is a better chance.} 49. c7 (49. Bxh6 Rxa5 50. g3 e3 $16) 49... Ke7) 49. c7 Rc8 {[#]} 50. Rb8 $1 {[%cal Rb8c8]} Ra1+ 51. Kh2 Rxc7 52. Rxc7 Nxc7 53. Bxc7 Ra2 54. Bg3 Rc2 55. Rf8+ Kg7 56. Rd8 {White has a decisive advantage.} Bb2 57. Rd7+ Kf6 58. Rd6+ Kf7 {[#]} 59. h5 $1 {Accuracy: White = 48%, Black = 22%.} 1-0

[Event "2nd Gujarat Open 2019"]
[Site "Ahmedabad, Gujarat"]
[Date "2019.09.23"]
[Round "2.6"]
[White "Nguyen, Van Huy"]
[Black "Katdare, Jayant C"]
[Result "1-0"]
[WhiteElo "2454"]
[BlackElo "2046"]
[Annotator "TA"]
[PlyCount "67"]
[EventDate "2019.09.22"]
[EventCountry "IND"]
[SourceTitle "playchess.com"]
[Source "ChessBase"]
[SourceQuality "1"]

{[%evp 18,67,26,26,25,17,28,24,29,27,37,15,58,60,63,38,41,45,43,45,45,43,43,43,43,39,74,75,98,77,136,85,182,198,187,179,149,142,157,90,256,189,354,324,579,319,1072,455,419,408,29983,29984]} 1. d4 Nf6 2. c4 e6 3. Nf3 d5 4. g3 Be7 5. Bg2 O-O 6. O-O c6 7. Qc2 b6 8. Rd1 Bb7 9. b3 Nbd7 10. Nc3 a5 {E08: Closed Catalan: Main Line: 7 Qc2} (10... Ba6 11. e4 dxc4 12. e5 Nd5 13. bxc4 Bxc4 14. Ne4 b5 15. Neg5 g6 16. h4 Qe8 17. h5 h6 18. Ne4 {1-0 (44) Abasov,N (2632)-Piorun,K (2660) Khanty-Mansiysk 2019}) 11. e4 Nxe4 12. Nxe4 dxe4 {White has an edge.} 13. Qxe4 Ra7 $146 ({Predecessor:} 13... a4 14. Bf4 Ra7 15. Qe1 Bf6 16. Ne5 Qc8 17. Ng4 axb3 18. Nxf6+ Nxf6 19. axb3 Rxa1 20. Rxa1 {1-0 (26) Todorov,O (2350)-Wagman,S (2195) Cannes 1997}) 14. Qc2 Qa8 15. c5 b5 16. Bg5 Bxg5 17. Nxg5 {[%csl Gg5][%cal Rc2h7]} Nf6 18. a3 Qc8 19. Rd2 a4 20. b4 Ba8 21. Re1 h6 22. Nf3 Rd7 23. Ne5 Rdd8 (23... Rc7 $142) 24. f4 (24. g4 $142) 24... Bb7 {[#]} (24... Nd5 $16 {was worth a try.}) 25. g4 $1 $18 Nd7 26. Red1 Qc7 27. Qc3 Rfe8 {[#]} 28. Qg3 (28. g5 $142 $1) 28... Nf8 $2 (28... f6 $16) 29. g5 $36 {[%mdl 2048] White has strong initiative.} hxg5 $2 (29... h5 30. g6 Nxg6 31. Nxg6 fxg6) 30. fxg5 Re7 $2 (30... Ng6 31. Be4 Nxe5 32. dxe5 (32. Qxe5 Rd7 $16) 32... Rxd2 33. Rxd2 g6) 31. Rd3 {Strongly threatening Be4.} Rd5 $2 (31... Ng6 32. Be4 Nxe5) 32. Bxd5 (32. Qh4 $142 {Rh3 would kill now.} Ng6 33. Nxg6 fxg6 34. Bxd5 cxd5 35. Rh3) 32... exd5 33. Rf1 Ne6 (33... Rxe5 $18 34. Qxe5 Qxe5 35. dxe5 Bc8) 34. Qh4 {Accuracy: White = 68%, Black = 23%.} 1-0